The Heat Network (Metering and Billing) Regulations 2014 (Record no. 115365)
[ view plain ]
| 000 -LEADER | |
|---|---|
| fixed length control field | 01550cad a22002775a 4500 |
| 001 - CONTROL NUMBER | |
| control field | L158538 |
| 008 - FIXED-LENGTH DATA ELEMENTS--GENERAL INFORMATION | |
| fixed length control field | 150414s2014 xxk f 000 0 eng d |
| 035 ## - SYSTEM CONTROL NUMBER | |
| System control number | (Sirsi) u158538 |
| 041 0# - LANGUAGE CODE | |
| Language code of text/sound track or separate title | eng |
| 110 2# - MAIN ENTRY--CORPORATE NAME | |
| Corporate name or jurisdiction name as entry element | United Kingdom |
| Form subheading | Laws, etc. |
| 9 (RLIN) | 5044 |
| 245 04 - TITLE STATEMENT | |
| Title | The Heat Network (Metering and Billing) Regulations 2014 |
| Medium | [electronic resource] |
| 260 ## - PUBLICATION, DISTRIBUTION, ETC. | |
| Place of publication, distribution, etc. | London |
| Name of publisher, distributor, etc. | HM Government |
| Date of publication, distribution, etc. | 2014 |
| 490 #0 - SERIES STATEMENT | |
| Series statement | SI |
| Volume/sequential designation | 2014: 3120 |
| 520 ## - SUMMARY, ETC. | |
| Summary, etc. | Came into force on 18 December 2014 except for Regulation 9 which came into force on 31 December 2014 and Regulations 4(4) and 6 which come into force on 31 December 2016. Sets out requirements for suppliers of communal and district heating systems to ensure that users are billed for actual consumption and their obligation to inform the National Measurement Office of the presence of communcal heating systems by 30 April 2015. By 31 December 2016 viability assessments must be carried out to see if it is cost effective and technically feasible to install meters to monitor individual consumption of heating, cooling or hot water. |
| 590 ## - LOCAL NOTE (RLIN) | |
| Local note | KA |
| 650 24 - SUBJECT ADDED ENTRY--TOPICAL TERM | |
| Topical term or geographic name entry element | HEAT NETWORK (METERING AND BILLING) REGULATIONS 2014 |
| 650 24 - SUBJECT ADDED ENTRY--TOPICAL TERM | |
| Topical term or geographic name entry element | DISTRICT HEATING |
| 650 24 - SUBJECT ADDED ENTRY--TOPICAL TERM | |
| Topical term or geographic name entry element | COMMUNAL HEATING |
| 651 #4 - SUBJECT ADDED ENTRY--GEOGRAPHIC NAME | |
| Geographic name | United Kingdom |
| Chronological subdivision | |
| 690 ## - LOCAL SUBJECT ADDED ENTRY--TOPICAL TERM (OCLC, RLIN) | |
| Topical term or geographic name as entry element | Energy |
| 9 (RLIN) | 6237 |
| 690 ## - LOCAL SUBJECT ADDED ENTRY--TOPICAL TERM (OCLC, RLIN) | |
| Topical term or geographic name as entry element | Commercial property |
| 9 (RLIN) | 6227 |
| 690 ## - LOCAL SUBJECT ADDED ENTRY--TOPICAL TERM (OCLC, RLIN) | |
| Topical term or geographic name as entry element | Facilities management |
| 9 (RLIN) | 6240 |
| 690 ## - LOCAL SUBJECT ADDED ENTRY--TOPICAL TERM (OCLC, RLIN) | |
| Topical term or geographic name as entry element | Sustainability |
| 9 (RLIN) | 6271 |
| 856 40 - ELECTRONIC LOCATION AND ACCESS | |
| Uniform Resource Identifier | <a href="https://www.legislation.gov.uk/uksi/2014/3120/contents/made">https://www.legislation.gov.uk/uksi/2014/3120/contents/made</a> |
| Public note | View the legislation free of charge at www.legislation.gov.uk |
| 942 ## - ADDED ENTRY ELEMENTS (KOHA) | |
| Suppress in OPAC | 0 |
| Withdrawn status | Lost status | Source of classification or shelving scheme | Damaged status | Not for loan | Home library | Current library | Shelving location | Date acquired | Total Checkouts | Full call number | Barcode | Date last seen | Copy number | Price effective from | Koha item type |
|---|---|---|---|---|---|---|---|---|---|---|---|---|---|---|---|
| Dewey Decimal Classification | Virtual | Virtual | Online | 14/04/2015 | ONLINE PUBLICATION | 158538-2001 | 06/08/2019 | 1 | 06/08/2019 | Book |